00677nam a2200157 a 45000010005000000030005000050050017000100080041000270400026000681000016000942450054001102600037001645000256002015000028004576100034004851868CDMR20130729104037.0130130s1994||||||||||||||||||||||||||||d aCDMRbcatcCPC GIRONA1 aEvans, Gail13aLa CNN, cap a una televisió global?cGail Evans c[1994]bGeneralitat de Catalunya aPonència presentada per Gail Evans, a la Taula Rodona celebrada el 8 de març de 1994, amb motiu de la se va visita invitada pel Comissionat per a Actuacions Exteriors i el Centre d'Investigació de la Comunicació de la Generalitat de Catalunya. aInclou recull de premsa2 aCNN (Emissora de televisió)